| 000 | 00397nam a22001697a 4500 | ||
|---|---|---|---|
| 999 |
_c5092 _d5090 |
||
| 005 | 20210908140945.0 | ||
| 008 | 160701b xxu||||| |||| 00| 0 eng d | ||
| 020 | _a978-93-8085-04-9 | ||
| 041 | _aeng | ||
| 082 | _b20562 | ||
| 100 |
_aReddy, Dr P Jaya Rani _93409 |
||
| 245 | _aA text book of Hydrology | ||
| 260 | _bLaxmi | ||
| 300 | _a504 | ||
| 650 |
_aDiploma Engineering _9817 |
||
| 942 | _cBK | ||